| 000 | 01455nam0a2200337 4500 | ||
|---|---|---|---|
| 001 | RU\NLR\BIBL_A\011912412 | ||
| 005 | 20190204115026.0 | ||
| 010 |
_a978-5-9710-5980-6 _9500 |
||
| 021 |
_aRU _bКН-П-18-094718 _9КН-П-18-6875 |
||
| 035 | _a(NLR Aleph) 011912412 | ||
| 035 | _a(RuMoRGB)009835686 | ||
| 090 |
_a10944302 _c10944302 |
||
| 100 | _a20190118d2018 u y0rusy50 ca | ||
| 101 | 0 | _arus | |
| 102 | _aRU | ||
| 105 | _ay|||z|||010zy | ||
| 200 | 1 |
_aИстория Востока с древнейших времен до начала XX века _fЛ. Б. Алаев |
|
| 205 | _a3-е изд., испр. и доп. | ||
| 210 |
_aМосква _cURSS _cЛЕНАНД _d2018 (макет 2019) |
||
| 215 |
_a[1], 366 с. _cтабл. _d22 |
||
| 300 | _aНа 4-й с. обл. авт.: Алаев Л.Б., д.ист.н. | ||
| 300 | _aНа с. 2 второй паг.: К 200-летию Института востоковедения РАН | ||
| 320 | _aБиблиогр.: с. 354-366 | ||
| 320 | _aДр. работы авт. на 4-й с. обл. | ||
| 607 |
_aСтраны Востока _xИстория _jУчебные издания для высших учебных заведений _2nlr_sh1 _2nlr_sh2 _3RU\NLR\AUTH\6629710 |
||
| 686 | 1 | _aТ3(5)я73 | |
| 700 | 1 |
_aАлаев _bЛ. Б. _f1932- _gЛеонид Борисович |
|
| 942 | _cBOOK | ||
| 980 | _aNB | ||